000 00235nam a22000857a 4500
008 160706b xxu||||| |||| 00| 0 eng d
100 _92327
_a Nelkon, N., et al
245 _aAdvanced Level Physics
260 _aNew Delhi
_bGulab Vazirani
_c1987
999 _c2006
_d2006